书目信息 |
| 题名: |
华尔街风暴现场观察
|
|
| 作者: | 鄂志寰 著 | |
| 分册: | ||
| 出版信息: | 北京 中国金融出版社 2009 |
|
| 页数: | 297页 | |
| 开本: | 24cm | |
| 丛书名: | ||
| 单 册: | ||
| 中图分类: | F837.125.9 | |
| 科图分类: | ||
| 主题词: | 金融危机--研究--美国 , 金融危机 | |
| 电子资源: | ||
| ISBN: | 978-7-5049-5149-6 | |
| 000 | 01441nam0 2200277 45 | |
| 001 | 1034580019 | |
| 005 | 20100319083804.15 | |
| 010 | @a978-7-5049-5149-6@dCNY38.00 | |
| 100 | @a20100312d2009 em y0chiy50 ea | |
| 101 | 0 | @achi |
| 102 | @aCN@b110000 | |
| 105 | @ay z 000yy | |
| 106 | @ar | |
| 200 | 1 | @a华尔街风暴现场观察@AHua Er Jie Feng Bao Xian Chang Guan Cha@e世纪性金融危机与全球金融新格局@EShi Ji Xing Jin Rong Wei Ji Yu Quan Qiu Jin Rong Xin Ge Ju@f鄂志寰著@FE Zhi Huan Zhu |
| 210 | @a北京@c中国金融出版社@d2009 | |
| 215 | @a297页@d24cm | |
| 312 | @a封面英文题名:On-site observation of the Wall Street turmoil:"once-in-a-century"financial crisis and global financial structure | |
| 330 | @a本书清晰概括了从次贷风暴到全球金融动荡的发展历程,论述了这场金融危机所表现出的系统性、全球性、衍生性和实体性特征,并把金融危机的爆发归纳为房地产市场泡沫的兴起和破灭、次贷资产膨胀、金融衍生产品过渡扩张、金融监管缺失及金融机构风险管理和公司治理缺陷等众多因素在特定时间段内综合作用的结果。 | |
| 510 | 1 | @aOn-site observation of the Wall Street turmoil@e"once-in-a-century"financial crisis and global financial structure@zeng |
| 517 | 1 | @a世纪性金融危机与全球金融新格局@AShi Ji Xing Jin Rong Wei Ji Yu Quan Qiu Jin Rong Xin Ge Ju |
| 606 | 0 | @a金融危机@x研究@y美国 |
| 606 | 0 | @a金融危机 |
| 690 | @aF837.125.9@v4 | |
| 701 | 0 | @a鄂志寰@AE Zhi Huan@4著 |
| 801 | 0 | @aCN@bTANGWEI@c20100319 |
| 905 | @b0586496-99@dF837.125.9@e22@f4 | |
| 华尔街风暴现场观察:世纪性金融危机与全球金融新格局/鄂志寰著.-北京:中国金融出版社,2009 |
| 297页;24cm |
| ISBN 978-7-5049-5149-6:CNY38.00 |
| 本书清晰概括了从次贷风暴到全球金融动荡的发展历程,论述了这场金融危机所表现出的系统性、全球性、衍生性和实体性特征,并把金融危机的爆发归纳为房地产市场泡沫的兴起和破灭、次贷资产膨胀、金融衍生产品过渡扩张、金融监管缺失及金融机构风险管理和公司治理缺陷等众多因素在特定时间段内综合作用的结果。 |
| ● |
| 相关链接 |
|
|
|
|
正题名:华尔街风暴现场观察
索取号:F837.125.9/22
 
预约/预借
| 序号 | 登录号 | 条形码 | 馆藏地/架位号 | 状态 | 备注 |
| 1 | 0586496 | 205864965 | 第一样本阅览室/ [索取号:F837.125.9/22] | 在馆 | |
| 2 | 0586497 | 205864974 | 第一借阅区/ [索取号:F837.125.9/22] | 在馆 | |
| 3 | 0586498 | 205864983 | 第一借阅区/ [索取号:F837.125.9/22] | 在馆 | |
| 4 | 0586499 | 205864992 | 密集书库-海洋学院/ [索取号:F837.125.9/22] | 在馆 |